00479nam a2200145 a 450000100100000000500170001000800410002704000250006808200130009324500210010626000520012730000200017995201170019999900170031600003694920200930080036.0120207s1951 enk 000 0 spa d aDO-SdBNPbspacBNPHU axxxbxxx00aSugar year book. aLondon :bInternacional Sugar Council,c[1951]. a86 p. ;c14 cm. 001054708MOaGRbGRcCTd2012-02-07iLF1l0oxxx xxxp36949-10r2020-06-25w2020-06-25y4ZPréstamo en sala c36439d36439